| 000 | 00559nam a2200157 i 4500 | ||
|---|---|---|---|
| 001 | 104114 | ||
| 003 | ES-MaACL | ||
| 005 | 20230906183520.0 | ||
| 007 | t| | ||
| 008 | 051123s1935 ddr ||||1| ger d | ||
| 245 | 0 | 0 |
_aMeyer Hand Atlas _b: 225 Haupt und Nebenkarten mit alphabetischen Namenverzeichnis und ciner geographischen / _ceinleitung von Dr. Edgar Lechmann. |
| 260 |
_aLeipzig : _bBibliographisches Institut, _c1935. |
||
| 300 |
_a82 p., 34 map. pleg., 207 p. ; _c25 cm. |
||
| 700 | 1 |
_aLehmann, Edgar. _971327 |
|
| 852 |
_aES-MaACL _jA-4929 _bR.16810 |
||
| 999 |
_c104114 _d104114 |
||